Normal view
MARC view
- NC ABDUL HASEEB QAMAR NC ABDUL MOIZ MAZHAR NC HUMAYUN IMTIAZ KHAN
Entry Personal Name
001 - CONTROL NUMBER
- control field: 72996
003 - CONTROL NUMBER IDENTIFIER
- control field: NUST
005 - DATE AND TIME OF LATEST TRANSACTION
- control field: 20210628204942.0
008 - FIXED-LENGTH DATA ELEMENTS
- fixed length control field: 210628|| aca||aabn | a|a d
040 ## - CATALOGING SOURCE
- Original cataloging agency: NUST
- Transcribing agency: NUST
100 ## - HEADING--PERSONAL NAME
- Personal name: NC ABDUL HASEEB QAMAR NC ABDUL MOIZ MAZHAR NC HUMAYUN IMTIAZ KHAN
670 ## - SOURCE DATA FOUND
- Source citation: Work cat.: (NUST): NC ABDUL HASEEB QAMAR NC ABDUL MOIZ MAZHAR NC HUMAYUN IMTIAZ KHAN, PR-SOF-1890-Energy Harvesting with Speed Bumps, 2020
